| 000 | 00606nam a22001937a 4500 | ||
|---|---|---|---|
| 005 | 20220803150216.0 | ||
| 008 | 220803b ||||| |||| 00| 0 eng d | ||
| 040 | _cAL | ||
| 041 | _aEnglish | ||
| 082 |
_223 _a331.88 _bINTP |
||
| 100 |
_aInternational Labour Office _954657 |
||
| 245 | _aProtection of Trade Union Funds and Property | ||
| 260 |
_aGeneva _bInternational Labour Office _c1960 |
||
| 300 |
_aiv,200 p. _bPB _c24x16 cm. |
||
| 440 |
_aStudies and Reports New Series No 58 _954658 |
||
| 650 |
_aLabor unions--Finance _954659 |
||
| 700 |
_aINTERNATIONAL LABOUR OFFICE _954660 |
||
| 942 |
_2ddc _cGF |
||
| 999 |
_c224421 _d224421 |
||